| 000 | 00429cam a2200181ua 4500 | ||
|---|---|---|---|
| 001 | 3206 | ||
| 008 | 111012n ii |||gr||||Z||||||asm | ||
| 040 | _cMAIN | ||
| 082 | _a891.4513 | ||
| 100 | 1 | _aDeka, Chitta, | |
| 245 | 1 | 1 |
_aPrem Janame janame _cby Chitta Deka |
| 250 | _a2nd. | ||
| 260 |
_aGuahati: _bChandra Prakesh,998. |
||
| 300 |
_a44p: _c23cm. |
||
| 653 | _aAssamese novel | ||
| 653 | _aPrem Janame janame | ||
| 942 | _cBK | ||
| 999 |
_c3052 _d3052 |
||